Klicke schnell und erstelle Ländernamen - Statistiken

Allgemein
  • Dieses Quiz wurde 617 mal gespielt
  • Das Durchschnittsergebnis liegt bei 22 aus 32
Antwortstatistiken
Hint Antwort % Korrekt
Saudi-Ara bien
72%
Thai land
72%
Neusee land
71%
Is land
71%
Austra lien
71%
Argenti nien
71%
Kolum bien
70%
Südafr ika
70%
Finn land
70%
Ita lien
70%
Nordmazedo nien
70%
Alge rien
70%
Kirgisi stan
70%
Afghani stan
70%
Brasi lien
69%
Rumä nien
69%
Spa nien
69%
Sy rien
69%
Jama ika
68%
Ir land
68%
Slowe nien
68%
Bulga rien
68%
Alba nien
67%
Indone sien
66%
Kasach stan
66%
Ser bien
65%
Arme nien
65%
Maureta nien
65%
Turkmeni stan
65%
Usbeki stan
65%
Tune sien
64%
Tadschiki stan
62%
Keine übereinstimmenden Quizze gefunden
Verteilung der Resultate
Anzahl Personen mit jedem Resultat
Perzentil nach korrekt beantworteten Fragen
Ihre Resultats-Entwicklung
Sie haben dieses Quiz noch nicht gespielt